Logos des équipes de la Coupe du monde de football 2026 - Mort subite - Statistiques

Statistiques générales
  • Ce quiz a été pris 56 fois
  • Le résultat moyen est 19 sur 48
Answers on the Grid
Answers color-coded by a green-red scale on the quiz's grid according to % correct below.
c04aa2f44f-450.webp
56062b1ebe-450.webp
e404c7542e-450.webp
d694752a3a-450.webp
f5c1b10a55-450.webp
0804ab6cac-450.webp
189dee2c2d-450.webp
d1a121180b-450.webp
e5790fb624-450.webp
317a2fd90d-450.webp
49177fa57e-450.webp
44b915729c-450.webp
ca93b3d8e1-450.webp
ce5a6180f8-450.webp
e265f77e12-450.webp
e6bed49d25-450.webp
bb5a11ae9d-450.webp
39d7ee42bc-450.webp
0491bb56a3-450.webp
90d45c2169-450.webp
8327317f6b-450.webp
df24adaa72-450.webp
fdf1c0b62a-450.webp
df113d21c0-450.webp
20ab809c43-450.webp
9579d8b8cf-450.webp
0ef124690a-450.webp
fda07792de-450.webp
bb47d84a8e-450.webp
482d23dd3c-450.webp
678d1ead2d-450.webp
7b6661a039-450.webp
38988e7263-450.webp
42398a0b48-450.webp
aadefc15b8-450.webp
d2d48981a5-450.webp
96317eee30-450.webp
37fab07a21-450.webp
f69e611fca-450.webp
016c29dd12-450.webp
3db784de1a-450.webp
45e4f84c49-450.webp
45e4f84c49-450.webp
45e4f84c49-450.webp
45e4f84c49-450.webp
45e4f84c49-450.webp
45e4f84c49-450.webp
45e4f84c49-450.webp
5294e223a1-450.webp
960px-Logo_DBU_2024.svg.png
uy6VF5b.png
960px-Fed_coree_nord.svg.png
KqYDM5h.png
langfr-250px-Coat_of_Arms_of_the_Russian_Federation_2.svg.png
langfr-250px-Herb_Polski.svg.png
1920px-Logo_Fédération_Football_Pays_de_Galles_-_2019.svg.png
1280px-Hungarian_Football_Federation_logo.svg.png
330px-Logotipo_de_la_Federación_Peruana_de_Fútbol.svg.png
latest?cb=20161117165221
250px-Federazione_Sammarinese_Giuoco_Calcio.svg.png?utm_source=commons.wikimedia.org&utm_campaign=parser&utm_content=thumbnail
Finland_national_football_team_crest.png
45e4f84c49-450.webp
45e4f84c49-450.webp
45e4f84c49-450.webp
45e4f84c49-450.webp
 
Statistiques - réponses
Réponse % Correct
Belgique d2d48981a5-450.webp
70%
Croatie 482d23dd3c-450.webp
64%
Norvège df113d21c0-450.webp
61%
Pays-Bas 317a2fd90d-450.webp
58%
Portugal bb47d84a8e-450.webp
58%
Allemagne e265f77e12-450.webp
58%
France e404c7542e-450.webp
58%
Canada 45e4f84c49-450.webp
55%
Sénégal 49177fa57e-450.webp
55%
Angleterre c04aa2f44f-450.webp
55%
Ghana 37fab07a21-450.webp
52%
Brésil 56062b1ebe-450.webp
52%
Espagne 678d1ead2d-450.webp
52%
Turquie 45e4f84c49-450.webp
48%
Argentine 0491bb56a3-450.webp
48%
États-Unis 0804ab6cac-450.webp
48%
Qatar bb5a11ae9d-450.webp
48%
Maroc 189dee2c2d-450.webp
45%
Iran 42398a0b48-450.webp
45%
Nouvelle-Zélande fda07792de-450.webp
45%
Japon 016c29dd12-450.webp
42%
Suisse ce5a6180f8-450.webp
42%
Algérie f5c1b10a55-450.webp
42%
Uruguay f69e611fca-450.webp
42%
Égypte 0ef124690a-450.webp
39%
Colombie d694752a3a-450.webp
39%
Bosnie-Herzégovine 45e4f84c49-450.webp
36%
Suède 45e4f84c49-450.webp
36%
Mexique 7b6661a039-450.webp
36%
Écosse fdf1c0b62a-450.webp
36%
Corée du Sud d1a121180b-450.webp
33%
Côte d'Ivoire e5790fb624-450.webp
33%
Irak 45e4f84c49-450.webp
30%
Panama 3db784de1a-450.webp
30%
Autriche e6bed49d25-450.webp
30%
Tunisie 8327317f6b-450.webp
27%
Arabie Saoudite aadefc15b8-450.webp
27%
RD Congo 45e4f84c49-450.webp
27%
Équateur ca93b3d8e1-450.webp
27%
Australie 39d7ee42bc-450.webp
24%
Rép. Tchèque 45e4f84c49-450.webp
21%
Cap-Vert 90d45c2169-450.webp
21%
Afrique du Sud 96317eee30-450.webp
21%
Jordanie df24adaa72-450.webp
21%
Haïti 20ab809c43-450.webp
15%
Ouzbékistan 38988e7263-450.webp
12%
Paraguay 44b915729c-450.webp
12%
Curaçao 9579d8b8cf-450.webp
12%
Aucun quiz correspondant
Distribution des résultats
% des personnes avec chaque résultat
Percentile par nombre de réponses
Votre historique - résultats
Vous n’avez pas pris ce quiz